000 00334nam a22001457a 4500
008 210301b ||||| |||| 00| 0 eng d
020 _a9780471242680
041 _aeng
080 _22nd
_a004
082 _a004
100 _a28
101 _aSHKI
245 _aReady to Run Visual Basic Algorithms
_cStephens, R
942 _2udc
_cBK
999 _c55401
_d55401